Bordering Countries Forming Words #1 - Statistics

General Stats
  • This quiz has been taken 141 times
  • The average score is 16 of 19
Answer Stats
Hint Answer % Correct
SEEK Kenya
94%
SASH Austria
93%
SEEK Ethiopia
93%
SASH Slovakia
93%
SEEK Eritrea
92%
SASH Hungary
92%
SEEK South Sudan
92%
RUM Ukraine
89%
RUM Russia
86%
LAMB Algeria
83%
RUM Moldova
83%
LAMB Mali
82%
LAMB Libya
81%
LAMB Burkina Faso
79%
SITS Syria
78%
SITS Iraq
76%
SASH Switzerland
71%
SITS Saudi Arabia
66%
SITS Türkiye
28%
No matching quizzes found
Score Distribution
Percent of People with Each Score
Percentile by Number Answered
Your Score History
You have not taken this quiz